Verejno-súkromné združenia - cesta k bývaniu. Riešenie problémov bytovej politiky v trhovom hospodárstve. 1.
Riešenie problémov bytovej politiky na Slovensku aj prostredníctvom verejno-súkromných združení, resp. partnerstiev, úspešne pôsobiacich aj v rozvojových krajinách. Vznikajú na činnosti dosť rizikové a nie veľmi ziskové pre súkromný sektor (napr. výstavba sociálnych bytov, obnova schátralých štvrtí...
Guardado en:
| Autor principal: | |
|---|---|
| Otros Autores: | |
| Formato: | Capítulo de libro |
| Lenguaje: | eslovaco |
| Materias: | |
| Etiquetas: |
Sin Etiquetas, Sea el primero en etiquetar este registro!
|
MARC
| LEADER | 00000naa a2200000 4500 | ||
|---|---|---|---|
| 001 | r012514 | ||
| 005 | 20220826094331.8 | ||
| 041 | 0 | |a slo | |
| 044 | |a SK | ||
| 245 | 1 | 0 | |a Verejno-súkromné združenia - cesta k bývaniu. |b Riešenie problémov bytovej politiky v trhovom hospodárstve. 1. |c K. Ivanička, M. Ivaničková |
| 520 | |a Riešenie problémov bytovej politiky na Slovensku aj prostredníctvom verejno-súkromných združení, resp. partnerstiev, úspešne pôsobiacich aj v rozvojových krajinách. Vznikajú na činnosti dosť rizikové a nie veľmi ziskové pre súkromný sektor (napr. výstavba sociálnych bytov, obnova schátralých štvrtí a pod.). | ||
| 610 | 2 | 0 | |a združenia |
| 610 | 2 | 0 | |a byty |
| 610 | 2 | 0 | |a politika bytová |
| 610 | 2 | 0 | |a Slovensko |
| 100 | 1 | |a Ivanička, Koloman | |
| 700 | 1 | |a Ivaničková, M. | |